Statistiques concernant Les deux font la paire ! #2

Cliquez ici pour prendre le quiz!

Statistiques générales

  • Ce quiz a été pris 6 357 fois
  • Le résultat moyen est 8 sur 20

Statistiques - réponses

Duos% Correct
{Tom} et Jerry
97%
{Boule} et Bill
96%
Tintin et {Milou}
96%
Titi et {Grosminet}
91%
{Simon} & Garfunkel
47%
{Chevallier} et Laspalès
44%
Dumb & {Dumber}
41%
Charybde et {Scylla}
35%
{Peter} et Sloane
32%
Satanas et {Diabolo}
32%
Stone et {Charden}
32%
{Shirley} et Dino
30%
Mulder et {Scully}
28%
{Charly} et Lulu
27%
{Dédale} et Icare
25%
Catherine et {Liliane}
19%
Johan et {Pirlouit}
19%
{Bataille} et Fontaine
16%
Quick et {Flupke}
15%
{Bouvard} et Pécuchet
12%

Distribution des résultats

Percentile par nombre de réponses

% des personnes avec chaque résultat

Votre développement - résultats

Vous n’avez pas pris ce quiz